000 00933nam a2200289 a 4500
001 000007061
003 DO-SdBNP
005 20251120120420.0
007 ta
008 090904s1973 dr 000 0 spa d
040 _aDO-SdBNP
_bspa
_cBNPHU
041 _hspa
082 4 _a347.729306
_bH519g, 1973
_222
100 1 _aHenríquez Castillo, Luis
_919632
245 1 0 _aGuía de la prueba civil y comercial /
_cLuis Henriquez Castillo.
250 _a2a ed.
260 _aSanto Domingo :
_bEditora del Caribe,
_c1973.
300 _a735 p. ;
_c22 cm.
520 _aJurisprudencia desde 1958 a 1972.
590 _aInventariado, 2018/LP
650 0 _aPrueba (Derecho)
_919633
650 0 _aDerecho civil
_zRepública Dominicana
_xHistoria
_95702
650 4 _aDerecho comercial
_zRepública Dominicana
_xHistoria
_919634
650 0 _aEvidencia (Derecho)
_919635
910 _aValidado. Control de calidad MMOLINA
942 _2ddc
_cLBS1
999 _c6844
_d6844